000 002390000a22000970004500
100 1 _aNassif, Bradley
245 1 0 _aSpiritual fundations for global development
300 _aNum. 2 (2001), Página 22
773 0 _tGlobal Future
942 _cANA
999 _c53531
_d53531